|
|
|
|
| LEADER |
00000cam a2200000 7i4500 |
| 001 |
0000000576 |
| 005 |
20000909.0 |
| 090 |
0 |
0 |
|a 354.595006
|b AHM 1993
|
| 100 |
0 |
0 |
|a AHMAD Sarji bin Abdul Hamid
|f Tan Sri Dato' Seri
|c 1938-
|
| 245 |
1 |
0 |
|a Improvements and development in the public service for the year 1992
|c Report by Tan Sri Dato Seri Ahmad Sarji bin Abdul Hamid, Chief Secretary to the Government
|
| 260 |
0 |
0 |
|a Kuala Lumpur :
|b Percetakan Nasional Malaysia ,
|c 1993
|
| 300 |
|
|
|a xvi, 705p. :
|b col. ill. ;
|c 23 cm.
|
| 650 |
0 |
0 |
|a Administrative agencies
|z Malaysia
|
| 650 |
0 |
0 |
|a Civil service
|z Malaysia
|
| 650 |
0 |
0 |
|a Public administration
|z Malaysia
|
| 651 |
0 |
0 |
|a Malaysia
|x Politics and government
|
| 999 |
|
|
|a 0000000032
|b Monograph
|c Open Shelf
|e Default branch
|
| 999 |
|
|
|a 0000001692
|b Monograph
|c Open Shelf
|e Default branch
|
| 999 |
|
|
|a 0000001905
|b Monograph
|c Open Shelf
|e Default branch
|